| 000 | 00995nam a2200277Ia 4500 | ||
|---|---|---|---|
| 999 |
_c10078 _d10078 |
||
| 001 | 30929315 | ||
| 003 | OCoLC | ||
| 005 | 20210215155045.0 | ||
| 008 | 940811s1994 miuaf 000 0beng d | ||
| 020 | _a0891094512 | ||
| 035 | _a500838 (c.1) | ||
| 035 | _a500840 (c.2) | ||
| 040 |
_aJEV _cJEV |
||
| 050 | _bSK628D | ||
| 082 | _bSK628D | ||
| 092 |
_a266.0092 _bT858S2 |
||
| 100 | 1 | _aSkinner, Betty Lee | |
| 245 | 1 | 0 |
_aDaws : _ba man who trusted God : the inspiring life and compelling faith of Dawson Trotman, founder of the Navigators / _cBetty Lee Skinner |
| 260 |
_aColorado Springs, Colo. : _bNAVPRESS, _c1994, c1974 |
||
| 300 |
_a389 p., [2] p. of plates : _bill. ; _c22 cm |
||
| 500 | _aOriginally published: Daws : the story of Dawson Trotman, founder of the Navigators. Grand Rapids, Mich. : Zondervan, 1974 | ||
| 600 | 1 | 0 | _aTrotman, Dawson E |
| 610 | 2 | 0 |
_aNavigators, The _xHistory |
| 740 | 0 | 1 | _aDaws : the story of Dawson Trotman, founder of the Navigators |
| 942 |
_2ddc _cBK |
||